Najdłuższe rzeki według kontynentów - Statystyki

Ogólne statystyki
  • Ten quiz został rozwiązany 131 razy
  • Średni wynik to 4 z 7
Statystyki odpowiedzi
Kontynent Długość Rzeka % Poprawnych
Afryka 6 650 km Nil
97%
Ameryka Południowa 6 400 km Amazonka
96%
Europa 3 530 km Wołga
86%
Azja 6 300 km Jangcy/Rzeka Błękitna
83%
Ameryka Północna 3 767 km Missouri
51%
Australia i Oceania 2739 km Darling
23%
Antarktyda 30 km Onyx
6%
Nie znaleziono quizów pasujących do podanych kryteriów
Rozkład punktacji
Procent ludzi z każdym wynikiem
Percentyl według liczby udzielonych odpowiedzi
Twoja historia wyników
Nie rozwiązałeś tego quizu